000 00402nam a2200157Ia 4500
005 20250225115211.0
008 231217s9999 xx 000 0 und d
020 _a9788184044072
082 _a005.1 MAR;1 R
100 _aMargolis, Ben
245 0 _aSOA : for the business developer
260 _c2007
_bShroff
_aMumbai
300 _axvii+309
650 _aSOA,:,business,developer
942 _cAA
999 _c180635
_d180635